000 00860nam a2200253 a 4500
001 000017015
005 20200929165014.0
008 100312s1945 sp 000 0 spa d
040 _aDO-SdBNP
_bspa
_cBNPHU
082 _a866.3
_bN675e, 1945
100 1 _aNieremberg, Juan Eusebio,
_d1595-1658
_937571
245 1 0 _aEpistolario /
_cNieremberg ; edición y notas de Narciso Alonso Cortés.
250 _a3a ed.
260 _aMadrid :
_bEspasa-Calpe,
_c1945.
300 _a254 p. ;
_c18 cm.
490 1 _aClásicos castellanos
_v30
504 _aIncluye referencias bibliográficas y notas al pie de las páginas
650 4 _aCartas españolas
_99744
650 4 _aLiteratura española
_9632
700 1 _aCortés, Narciso Alonso,
_epról.
_937572
830 0 _aClásicos castellanos ;
_v30
_94180
910 _aCatalogación por copia /WM
049 _aBNGR
999 _c16542
_d16542